000 00908nmm a2200289 a 4500
001 ocm000551397
003 TR-IsHL
005 20201028115809.0
008 131121s2009 tu tur
007 cr cn
020 _a9786054205073
035 _a551397
_b(N$T)
050 0 4 _aTR897.7
_b.Y56 2009
090 0 4 _aTR897.7
_b.Y56 2009
100 1 _aYıkaroğlu, Nebi
245 1 0 _aMaya unlimited
_h[electronic resource] /
_cNebi Yıkaroğlu
260 _aİstanbul :
_bKodlab Yayınevi,
_c2009
300 _a600 p.
650 4 _aBilgisayar
650 4 _aComputer Sciences
650 0 _aMaya (Bilgisayar kütüğü)
650 0 _aMaya (Computer file)
650 0 _aComputer animation
650 0 _aBilgisayar animasyonu
650 7 _aCOMPUTERS / Digital Media / Video & Animation
_2bisacsh
856 4 0 _uhttp://search.ebscohost.com/login.aspx?direct=true&scope=site&db=e011xww&AN=551397
999 _c445
_d445